Score 0/55 Timer 07:00
0 Plays Today
% Correct
Amber
94.3%
Brad
92.9%
Doreen
91.9%
Shelley
91.9%
Brown paper packages tied up with strings
91.2%
Noreen
91.2%
Bright copper kettles
91%
Cream-colored ponies
91%
Tammy
91%
42nd Street
90.7%
And then a step to the right
90.5%
Crisp apple strudels
90.2%
Avenue Q
90%
1600 Pennsylvania Avenue
90%
Vicki
89.8%
But it's the pelvic thrust that really drives you insane
89.8%
Spongebob Squarepants
89.5%
Raindrops on roses
89.3%
Warm woolen mittens
89%
Schnitzel with noodles
89%
With your hands on your hips
89%
It's just a jump to the left
88.8%
Whiskers on kittens
88.3%
Hades
88.3%
Princess Fiona
88.1%
You bring your knees in tight
88.1%
Moments in the Woods
87.9%
Sweeney Todd: The Demon Barber of Fleet Street
87.9%
% Correct
I Know Things Now
87.6%
I Guess This is Goodbye
87.6%
Maybe They're Magic
86.9%
A Very Nice Prince
86.7%
Hermes
85.7%
Sir Galahad
85%
Sir Bedevere
84.8%
Rodgers
84.8%
Giants in the Sky
84.3%
Hammerstein
84.3%
Lord Farquaad
84%
No One is Alone
83.3%
King Arthur
83.3%
Sir Lancelot
83.3%
Orpheus
83.1%
Last Midnight
82.9%
Eurydice
82.9%
Persephone
78.1%
Dragon
77.1%
Link
76.9%
The Fates
75.5%
Prince Herbert
74.5%
Lady of the Lake
71.2%
Fender
65.7%
Agony
59.3%
Patsy
55.5%
IQ
37.9%
Remove Ads.
Support Sporcle.
Get the best of Sporcle when you Go Orange. This ad-free experience offers more features, more stats, and more fun while also helping to support Sporcle. Thank you for becoming a member.

You're not logged in!

Compare scores with friends on all Sporcle quizzes.
OR
Log In

Sporcle TV

Today on Sporcle TV


Watch our educational content, quiz creation guides, and fun videos on Sporcle TV.

Show Comments

Extras

Top Quizzes Today


Score Distribution

Paid Content

Your Account Isn't Verified!

In order to create a playlist on Sporcle, you need to verify the email address you used during registration. Go to your Sporcle Settings to finish the process.

Report this User

Report this user for behavior that violates our Community Guidelines.

Details: